[Event "FICGS class C 000158 email"]
[Site "FICGS email"]
[Date "2010.10.05"]
[Round "1"]
[White "Artista, Wu"]
[Black "John, Benny"]
[Result "1-0"]
[WhiteElo "1800"]
[BlackElo "1736"]
[PlyCount "35"]
[EventDate "2010.??.??"]
[EventType "tourn (corr)"]
[EventRounds "5"]
[SourceTitle "Corr 2013"]
[Source "ChessBase"]
[SourceDate "2012.11.12"]
[SourceVersion "1"]
[SourceVersionDate "2012.11.12"]
[SourceQuality "1"]

1. e4 e5 2. Nf3 d5 3. exd5 Qxd5 4. Nc3 Qa5 5. Bc4 Bd6 6. 0-0 Nf6 7. Re1 0-0 8. d3 h6 9. Bd2 Qb6 10. Qc1 Re8 11. Ne4 Nxe4 12. Rxe4 Nc6 13. Bxh6 gxh6 14. Qxh6 Be6 15. Rg4+ Bxg4 16. Qg6+ Kh8 17. Qf6+ Kg8 18. Bxf7+ 1-0

[Event "FICGS class C 000158 email"]
[Site "FICGS email"]
[Date "2010.10.05"]
[Round "1"]
[White "John, Benny"]
[Black "Gonen, Barak"]
[Result "1-0"]
[WhiteElo "1736"]
[BlackElo "1800"]
[PlyCount "27"]
[EventDate "2010.??.??"]
[EventType "tourn (corr)"]
[EventRounds "5"]
[SourceTitle "Corr 2013"]
[Source "ChessBase"]
[SourceDate "2012.11.12"]
[SourceVersion "1"]
[SourceVersionDate "2012.11.12"]
[SourceQuality "1"]

1. e4 c5 2. Bc4 e6 3. d3 Nc6 4. Nf3 d5 5. Bb5 Qa5+ 6. Nc3 d4 7. Bxc6+ bxc6 8. Bd2 dxc3 9. Bxc3 Qc7 10. e5 Ne7 11. 0-0 Nd5 12. Qd2 Nxc3 13. Qxc3 Be7 14. Rfe1 1-0

[Event "FICGS class C 000138 email"]
[Site "FICGS email"]
[Date "2010.02.26"]
[Round "1"]
[White "John, Benny"]
[Black "Payzansky, Aleksey"]
[Result "0-1"]
[WhiteElo "1693"]
[BlackElo "1799"]
[PlyCount "50"]
[EventDate "2010.??.??"]
[EventType "tourn (corr)"]
[EventRounds "1"]
[SourceTitle "Corr 2013"]
[Source "ChessBase"]
[SourceDate "2012.11.12"]
[SourceVersion "1"]
[SourceVersionDate "2012.11.12"]
[SourceQuality "1"]

1. e4 c5 2. Bc4 Nc6 3. Nf3 d6 4. Bb5 Bd7 5. Bxc6 Bxc6 6. Nc3 Nf6 7. d3 g6 8. 0-0 Bg7 9. Be3 0-0 10. Re1 Ng4 11. Ng5 Nxe3 12. Rxe3 b5 13. a3 a5 14. Qf3 b4 15. Nd1 Bh6 16. Qg4 e5 17. Rg3 Bd7 18. Qh4 Kg7 19. Ne3 bxa3 20. Rxa3 Rb8 21. Ng4 Bxg5 22. Qh3 Rxb2 23. f4 Rb1+ 24. Kf2 exf4 25. Rf3 h5 0-1

[Event "FICGS class D 000101 email"]
[Site "FICGS email"]
[Date "2008.09.02"]
[Round "1"]
[White "Soszynski, Marek J"]
[Black "John, Benny"]
[Result "1-0"]
[WhiteElo "1700"]
[BlackElo "1528"]
[PlyCount "107"]
[EventDate "2008.??.??"]
[EventType "tourn (corr)"]
[EventRounds "6"]
[SourceTitle "Corr 2022"]
[Source "ChessBase"]
[SourceDate "2021.10.24"]
[SourceVersion "1"]
[SourceVersionDate "2021.10.24"]
[SourceQuality "1"]

1. Nf3 e6 2. d3 Bc5 3. d4 Bb6 4. Bg5 Ne7 5. e3 h6 6. Bh4 0-0 7. Bd3 Qe8 8. 0-0 Nf5 9. Bxf5 exf5 10. c4 d6 11. Nc3 Be6 12. b3 Na6 13. a3 Qd7 14. d5 Rfe8 15. dxe6 Qxe6 16. Qd5 Qxd5 17. Nxd5 Nc5 18. Rab1 Ne4 19. Nd4 Nd2 20. Nxb6 axb6 21. Nb5 Rec8 22. Rbc1 Nxf1 23. Kxf1 Kf8 24. a4 Ke8 25. Rd1 Kd7 26. f3 Re8 27. Rd3 g5 28. Be1 Re5 29. Bc3 Re6 30. Nd4 Rf6 31. Ne2 Re6 32. Ng3 f4 33. exf4 gxf4 34. Nh5 Re3 35. Nf6+ Ke6 36. Rxe3+ fxe3 37. Nd5 Kd7 38. g4 Kc6 39. Nxe3 Kc5 40. Ke2 Rg8 41. Nd5 Re8+ 42. Kd3 Kc6 43. f4 Ra8 44. Nf6 Rd8 45. Bd4 d5 46. cxd5+ Kd6 47. Be5+ Kc5 48. Kc3 b5 49. b4+ Kb6 50. a5+ Ka6 51. Bxc7 Rh8 52. d6 b6 53. d7 Kb7 54. Ne8 1-0

[Event "FICGS class D 000073 email"]
[Site "FICGS email"]
[Date "2007.12.17"]
[Round "1"]
[White "John, Benny"]
[Black "Coll, Julien"]
[Result "1-0"]
[WhiteElo "1500"]
[BlackElo "1672"]
[PlyCount "59"]
[EventDate "2007.??.??"]
[EventType "tourn (corr)"]
[EventRounds "6"]
[SourceTitle "Corr 2022"]
[Source "ChessBase"]
[SourceDate "2021.10.24"]
[SourceVersion "1"]
[SourceVersionDate "2021.10.24"]
[SourceQuality "1"]

1. e4 c5 2. Bc4 e6 3. d3 d5 4. exd5 exd5 5. Bb5+ Bd7 6. Bxd7+ Qxd7 7. Nf3 Nc6 8. 0-0 Be7 9. Bf4 Bf6 10. c3 Nge7 11. Nbd2 0-0 12. Nb3 b6 13. d4 c4 14. Nbd2 Ng6 15. Bg3 Rfe8 16. h3 Re7 17. Re1 Rae8 18. Qc2 Re2 19. Rxe2 Rxe2 20. Re1 Rxe1+ 21. Nxe1 Bh4 22. Bh2 Bg5 23. Nef3 Bf4 24. Nf1 b5 25. Bxf4 Nxf4 26. Ng3 Nd3 27. Qe2 Qe6 28. Qd2 b4 29. Nf1 a5 30. Ne3 1-0